Đầu tư chứng khoán nhất định thành công

保存先:
書誌詳細
フォーマット: 図書
言語:Undetermined
出版事項: Hà Nội Lao động - Xã hội 2006
主題:
タグ: タグ追加
タグなし, このレコードへの初めてのタグを付けませんか!
Thư viện lưu trữ: Trung tâm Học liệu Trường Đại học Cần Thơ
LEADER 00571nam a2200181Ia 4500
001 CTU_119192
008 210402s9999 xx 000 0 und d
020 |c 57000 
082 |a 332.6322 
082 |b Đ125 
245 0 |a Đầu tư chứng khoán nhất định thành công 
245 0 |c Nguyễn Bảo Hoa, Nguyễn Công Minh biên dịch 
260 |a Hà Nội 
260 |b Lao động - Xã hội 
260 |c 2006 
650 |a Stocks,Investments,Securities 
904 |i Minh 
980 |a Trung tâm Học liệu Trường Đại học Cần Thơ